000 00171 a2200097 4500
041 _aspa
100 _aRoger Matuz Lazo
245 _aMarianela
942 _cBK
952 _71
999 _c24977
_d24977